000 00971nam a22003257a 4500
001 34252
003 DO-SdBNP
005 20180125111619.0
007 34252
008 000531s 1999 sp ||spa
020 _a8481302201
040 _aBPMSU
_bspa
_cBPMSU
041 1 _aspa
092 _axxxxxxx
_bxxxxxxx
100 1 _aJoyce, James,
_d1882-1941
240 1 0 _aDubliners
_lEspañol
245 1 0 _aDublineses
_cJames Joyce ; traducción y prólogo de Eduardo Chamorro
260 _aMadrid :
_bUnidad Editorial,
_c1999.
300 _a186 p. ;
_c21 cm.
440 _aBiblioteca El mundo
490 1 _aMilenium. Las 100 joyas del milenio
_v99
490 1 _aBiblioteca El mundo
700 1 _aChamorro, Eduardo,
_epról.
830 0 _aMilenium.
_p Las 100 joyas del milenio
_n99
830 _aBiblioteca El mundo
942 _2ddc
_cBK
945 _aInventariado, 2018 / BT
956 _aVMATEO
_210
_320151105
_6BPMSU
_800151
956 _aBTAVAREZ
_b10
_d20180125
_fBPMSU
_h0038
999 _c8575
_d8575